Poland 2022 FIFA World Cup Squad - Statistics

General Stats
  • This quiz has been taken 1,606 times
    1,481 since last reset
  • The average score is 14 of 27
Answer Stats
# Position Player % Correct
9 FW © Robert Lewandowski
99%
1 GK Wojciech Szczęsny
88%
20 MF Piotr Zieliński
79%
7 FW Arkadiusz Milik
75%
15 DF Kamil Glik
75%
2 DF Matty Cash
73%
10 MF Grzegorz Krychowiak
65%
5 DF Jan Bednarek
63%
23 FW Krzysztof Piątek
57%
14 DF Jakub Kiwior
54%
12 GK Łukasz Skorupski
54%
21 DF Nicola Zalewski
53%
11 MF Kamil Grosicki
50%
8 MF Damian Szymański
49%
19 MF Sebastian Szymański
49%
18 DF Bartosz Bereszyński
48%
Manager Czesław Michniewicz
47%
16 FW Karol Świderski
46%
22 GK Kamil Grabara
44%
24 MF Przemysław Frankowski
43%
13 MF Jakub Kamiński
36%
3 DF Artur Jędrzejczyk
35%
6 MF Krystian Bielik
33%
26 MF Michał Skóraś
29%
4 DF Mateusz Wieteska
22%
25 DF Robert Gumny
20%
17 MF Szymon Żurkowski
20%
No matching quizzes found
Score Distribution
Percent of People with Each Score
Percentile by Number Answered
Your Score History
You have not taken this quiz since the last reset